Представление документа в формате MARC21

Поле Инд. ПП Название Значение
Тип записи a
Библиографический уровень m
001 Контрольный номер 94dac909-ae0e-4178-90e0-4e6e1fa9297d
005 Дата корректировки 20140226214012.4
008 Кодируемые данные 000414 d
020 a ISBN 5-02-026120-X
c Цена, тираж 16.00
040 a Служба первич. каталог. НБ ТвГУ
041 a Код языка текста rus
080 a Индекс УДК 612.843.72
084 a Индекс другой классификации/Индекс ББК Е992.4
a Индекс другой классификации/Индекс ББК Р731
090 x Авторский знак П82
a Полочн. индекс Е992.4
100 1_ a Автор Бондарко В.М.
245 0_ a Заглавие Пространственное зрение
c Ответственность В.М. Бондарко, М.В. Данилова, Н.Н. Красильников и др.; РАН. Ин-т физиологии им. И.П. Павлова
c Ответственность Ин-т физиологии им. И.П. Павлова РАН
260 0_ a Место издания СПб.
b Издательство Наука
c Дата издания 1999
300 a Объем 217,[1] с.
b Иллюстрации/ тип воспроизводства ил.
504 a Библиография Библиогр.: с.196-216.
583 a Действие Получение впервые 101 24.03.2000
k Исполнитель действия Дар РГГУ
650 a Основная рубрика Зрительный анализатор
650 a Основная рубрика Органы чувств
x Основная подрубрика Физиология
650 a Основная рубрика Дети
653 a Ключевые слова Зрение
a Ключевые слова Пространственное зрение
a Ключевые слова Острота зрения
a Ключевые слова Дети
a Ключевые слова Зрение детей
a Ключевые слова Измерение остроты зрения
700 1_ a Другие авторы Данилова М.В.
700 1_ a Другие авторы Красильников Н.Н.
700 1_ a Другие авторы Леушина Л.И.
700 1_ a Другие авторы Невская А.А.
700 1_ a Другие авторы Шелепин Ю.Е.
852 t Порядковый номер экземпляра 5
p Инвентарный номер 721071
p Инвентарный номер 721072
p Инвентарный номер 721073
p Инвентарный номер 721074
p Инвентарный номер 721075
888 a Бесплатные
952 p 101.2000 16.00 1 721071
p 101.2000 16.00 1 721072
p 101.2000 16.00 1 721073
p 101.2000 16.00 1 721074
p 101.2000 16.00 1 721075
c Вид литературы К рн
954 a Дата поступления на обработку 20000414
999 a Подразделение 2 Фил3